两头蛇: (Record no. 2147)
[ view plain ]
| 000 -LEADER | |
|---|---|
| fixed length control field | 01704nam a2200229Ia 4500 |
| 003 - CONTROL NUMBER IDENTIFIER | |
| control field | OSt |
| 005 - DATE AND TIME OF LATEST TRANSACTION | |
| control field | 20241115095748.0 |
| 008 - FIXED-LENGTH DATA ELEMENTS--GENERAL INFORMATION | |
| fixed length control field | 200812s9999 xx 000 0 und d |
| 020 ## - INTERNATIONAL STANDARD BOOK NUMBER | |
| International Standard Book Number | 9787532575619 |
| 040 ## - CATALOGING SOURCE | |
| Transcribing agency | 0 |
| 041 ## - LANGUAGE CODE | |
| Language code of text/sound track or separate title | chi |
| 050 ## - LIBRARY OF CONGRESS CALL NUMBER | |
| Classification number | BX1665 |
| Item number | .H83 2006 |
| 100 ## - MAIN ENTRY--PERSONAL NAME | |
| Personal name | 黃一农 |
| 245 ## - TITLE STATEMENT | |
| Title | 两头蛇: |
| Remainder of title | 明末清初的第一代天主教徒 / |
| Statement of responsibility, etc. | 黃一农 |
| 246 ## - VARYING FORM OF TITLE | |
| Title proper/short title | 兩頭蛇 : 明末清初的第一代天主教徒 |
| Remainder of title | / |
| 260 ## - PUBLICATION, DISTRIBUTION, ETC. | |
| Place of publication, distribution, etc. | 上海 : |
| Name of publisher, distributor, etc. | 上海古籍出版社, |
| Date of publication, distribution, etc. | 2015 |
| 300 ## - PHYSICAL DESCRIPTION | |
| Extent | 545 p. |
| Other physical details | ; |
| Dimensions | 23 cm. |
| 505 ## - FORMATTED CONTENTS NOTE | |
| Formatted contents note | 在明末奉天主教的士大夫当中,以被称作“三大柱石”的徐光启、李之藻和杨廷筠最出名,相关的研究也因此较多,故本书乃选择17世纪另一些奉教士人(成启元、瞿汝夔、许乐善、张赓、王徵、魏学濂、孙元化、韩霖、严谟、夏大常、鲍英齐等)和皇亲内臣(如永历朝中之两宫太后、皇后、皇子慈炫、太监庞天寿等)做为主轴,尝试探索这一代天主教徒奉教的因缘、心态与历程,并析究他们如何运用其人际网络以扩张西学和西教的影响力,及其在面对天、儒矛盾时如何自处。此外,亦旁涉明清之际一般士大夫与教会中人的交往情形,希望能对西学、西教在中国社会的影响层面亦有所掌握。<br/>本书资料翔实,且迭有新史料被发现,从而使书中对有关入和事的考证相当精实,在此基础上所发议论也新见迭出,十分精彩,是一部在观点、材料与研究方法上都有创新的学术力作。 |
| 650 ## - SUBJECT ADDED ENTRY--TOPICAL TERM | |
| Topical term or geographic name entry element | Catholics--China--History--16th century. |
| 650 ## - SUBJECT ADDED ENTRY--TOPICAL TERM | |
| Topical term or geographic name entry element | Catholics--China--History--17th century. |
| 942 ## - ADDED ENTRY ELEMENTS (KOHA) | |
| Source of classification or shelving scheme | |
| Koha item type | Chinese Book |
| Withdrawn status | Lost status | Damaged status | Not for loan | Home library | Current library | Shelving location | Date acquired | Total Checkouts | Full call number | Barcode | Date last seen | Price effective from | Koha item type |
|---|---|---|---|---|---|---|---|---|---|---|---|---|---|
| GETS Theological Seminary Library | GETS Theological Seminary Library | General Stacks | 08/12/2020 | BX1665 .H83 2006 | 00001002 | 08/12/2020 | 08/12/2020 | Chinese Book |